Bulla Bolesława ksie̜cia Polski

Titel: Bulla Bolesława ksie̜cia Polski / Małgorzata Andrałojć, Mirosław Andrałojć. Tłum. Martin Faber
Verfasser:
Beteiligt: ;
Veröffentlicht: Poznań ˜[u.a.]œ, 2006
Umfang: 127 S. : Ill., graph. Darst.
Format: Buch
Sprache: Polnisch; Deutsch
Schriftenreihe/
mehrbändiges Werk:
Prace Komisji Archeologicznej / Poznańskie Towarzystwo Przyjaciół Nauk, Wydział Historii i Nauk Społecznych ; 24
RVK-Notation:
ISBN: 8370634788
Buchumschlag
X
Lokale Klassifikation: 32 4 D 101 ; 32 4 F ; 2 B 138
alg: 18019282
001A    $03004:07-08-06 
001B    $01999:26-05-23 $t21:34:40.000 
001C    $03078:01-02-07 $t11:44:58.000 
001D    $03004:07-08-06 
001U    $0utf8 
001X    $00 
002@    $0Aau 
003@    $0180192825 
003O    $073222855 $aOCoLC 
004A    $083-7063-478-8 
006G    $0982428782 
006U    $009,B32,0706 $f20061219 
007A    $0180192825 $aHEB 
007T    $0Herd77127 
010@    $apol $ager 
011@    $a2006 
021A    $aBulla Bolesława ksie̜cia Polski $hMałgorzata Andrałojć, Mirosław Andrałojć. Tłum. Martin Faber 
027A    $aEine @Bulle von Fürst Bolesław von Polen 
028A    $7 $8Andrałojć, Małgorzata [Tnd] $921280863X 
028B/01 $7 $8Andrałojć, Mirosław [Tnd] $9147106133 
028C    $BÜbers. $#Fabrus, Martinus $#Fabrius, Martinus $#Faber, Martinus $7 $8Faber, Martin [Tnd] $9136916511 
033A    $pPoznań {[u.a.] 
034D    $a127 S. 
034M    $aIll., graph. Darst. 
036E    $a@Prace Komisji Archeologicznej / Poznańskie Towarzystwo Przyjaciół Nauk, Wydział Historii i Nauk Społecznych $l24 
036F    $x224 $8Prace Komisji Archeologicznej $902337957X $l24 
039U    $8--Aox--Jurek, Tomasz$Z1962- [Tp1]. Bulle polskich książąt, 2006 $9395306744 
045E    $c920 $c940 
045F    $a929.909438 $eDDC22ger 
045F/01 $a929.9 
045F/03 $g438 
045G    $a929.09438 $eDDC23BSB 
045G/01 $a929 
045G/03 $g438 
045H    $a907.209438 $eDDC23BSB 
045H/01 $a907.2 
045H/03 $g438 
045Z    $8ND 5190 [Tkv] $9410857297 
046B    $aParallelt.: Andrałojć, Małgorzata: Eine @Bulle von Fürst Bolesław von Polen 
046L    $aText poln. und dt. 

lok: 18019282 24
101B    $009-08-06 $t09:12:55.000 
101C    $009-08-06 
145Z/01 $a32 4 D 101 
145Z/02 $a32 4 F 
145Z/03 $a2 B 138 
101U    $0utf8 

exp: 18019282 24 1 #EPN
201B/01 $009-08-06 $t09:12:55.000 
201C/01 $007-08-06 
203@/01 $0434374946 
208@/01 $a09-08-06 $bz 
209A/01 $a06.3490 $du $f050 $h06 3490 $x00 
209C/01 $a06.3490 T $h06 3490 T 
209G/01 $a71473503 $x00 
220C/01 $agro 
247C/01 $8358050-7 Marburg, Bibliothek des Herder-Instituts Marburg $9102600961 
201U/01 $0utf8 

lok: 18019282 78

exp: 18019282 78 1 #EPN
201B/01 $021-02-19 $t22:41:27.000 
201U/01 $0utf8 
203@/01 $0791834352 
208@/01 $a12-11-16 $be 
209A/01 $a/ $f000 $x00 
220C/01 $aTitelaufnehmer: wr 
237A/01 $aEnth. Beiträge von A. Sikorski, W. Pińskwar, M. Boborski, A. Boborski und D. Rozmus. Deutscher und polnischer Text. - weiterführende Signatur(en): Herder-Institut: 06.3490 
244Z/01 $2Trx $#Großpolen $#Greater Poland $#Velkopolsko $8--Trx--Wielkopolska $x01 $9391277227 
244Z/01 $2Trx $#Poola $#Lenkija $#Polija $#Polen Land $#Poland $#Lengyelország $#Poľsko $#Polsko $8--Trx--Polska$gkraj $x02 $9391345966 
244Z/01 $2Trx $#Glemboko Welnau $8--Trx--Głębokie$gKiszkowo $x03 $9391283928 
244Z/01 $aGeschichte 1100-1140 $x04 
244Z/01 $#Bolesław  $#Bolesław  III. $#Bolesław  III. $#Bolesław  $#Boleslaw  $#Boleslaus  III. $7118854356 $8--Tp1--$PBolesław$nIII.$lPolen, Herzog$Z1085-1138 $x05 $908719483X 
244Z/01 $#Piasten $#Piast $#Piastovci $7118742302 $8--Tp1--$PPiastowie$lFamilie$Zab 10. bis 17. Jh. $x06 $9087083027 
244Z/01 $2Trx $#pitserid $#antspaudai $#Seals general $#pecsét $#pieczęcie, ogólne $#pečate $#pečeti $8--Trx--Siegel$gallgemein $x07 $939136863X 
244Z/01 $2Trx $8--Trx--Monographie $x08 $9391384546 
244Z/01 $2Trx $#kirjeldused regioonid, maad $#regionų ir kraštų istorija $#overview regions/countries $#ábrázolások, átfogó vidékek, országok $#regiony i kraje ogólnie $#dejiny, všeobecné prehľady regióny/krajiny $#dějiny, obecné přehledy regiony/země $#Regionalgeschichte $#Regionen $#Länder $#dejiny krajské $#dejiny regionálne $8--Trx--Darstellungen, übergreifende$gRegionen/Länder $x09 $9391373188 
245Z/01 $a04.06 $x01 
247C/01 $82080>Marburg/Lahn, Herder-Institut, Forschungsbibliothek, Bibliographieportal $9336309341
LEADER 00000cam a2200000 c 4500
001 180192825
003 DE-603
005 20230526213440.0
007 tu
008 060807s2006 xx |||| | u00||u|pol
015 |a 09,B32,0706  |2 dnb 
016 7 |2 DE-101  |a 982428782 
020 |a 8370634788 
035 |a (DE-599)HEB180192825 
035 |a (OCoLC)73222855 
040 |a DE-603  |b ger  |c DE-603  |d DE-603 
041 |a pol  |a ger 
082 0 4 |8 1\u  |a 929.909438  |q DE-101  |2 22/ger 
083 0 |8 2\u  |a 929.09438  |q DE-101  |2 23/BSB 
083 0 |8 3\u  |a 907.209438  |q DE-101  |2 23/BSB 
084 |a 920  |a 940  |q DE-101  |2 sdnb 
084 |a ND 5190  |0 (DE-625)125006:  |0 (DE-603)410857297  |2 rvk 
085 |8 1\u  |b 929.9 
085 |8 1\u  |z 2  |s 438 
085 |8 2\u  |b 929 
085 |8 2\u  |z 2  |s 438 
085 |8 3\u  |b 907.2 
085 |8 3\u  |z 2  |s 438 
100 1 |a Andrałojć, Małgorzata  |0 (DE-603)21280863X 
245 0 0 |a Bulla Bolesława ksie̜cia Polski  |c Małgorzata Andrałojć, Mirosław Andrałojć. Tłum. Martin Faber 
246 0 1 |i Parallelt.  |a Andrałojć, Małgorzata: Eine Bulle von Fürst Bolesław von Polen 
246 1 3 |a ˜Eineœ Bulle von Fürst Bolesław von Polen 
264 1 |a Poznań ˜[u.a.]œ  |c 2006 
300 |a 127 S.  |b Ill., graph. Darst. 
490 1 |a Prace Komisji Archeologicznej / Poznańskie Towarzystwo Przyjaciół Nauk, Wydział Historii i Nauk Społecznych  |v 24 
546 |a Text poln. und dt. 
700 1 |a Andrałojć, Mirosław  |0 (DE-603)147106133 
700 1 |a Faber, Martin  |e Übers.  |4 trl  |0 (DE-603)136916511 
787 0 8 |i Rezensiert in  |a Jurek, Tomasz, 1962-  |t Bulle polskich książąt  |w (DE-603)395306744 
810 2 2 |a Poznańskie Towarzystwo Przyjaciół Nauk  |b Komisja Archeologiczna  |t Prace Komisji Archeologicznej  |v 24  |w (DE-603)02337957X  |w (DE-600)1030573-7  |9 224  |7 as 
924 0 |9 Mb 50  |a (DE-603)434374946  |b DE-Mb50  |c HES  |d c  |g 06.3490 
924 0 |9 2080  |a (DE-603)791834352  |b DE-2080  |c HES  |d d  |g /